[Event "Gyor Amateur op 15th"]
[Site "Gyor"]
[Date "2019.01.05"]
[Round "3"]
[White "Gergely, Daniel1111"]
[Black "Bindics, Krisztian"]
[Result "1/2-1/2"]
[WhiteElo "1349"]
[BlackElo "1241"]
[PlyCount "78"]
[EventDate "2019.01.05"]
[EventType "swiss"]
[EventRounds "5"]
[EventCountry "HUN"]
[SourceTitle "CBM 190 Extra"]
[Source "ChessBase"]
[SourceDate "2019.07.15"]
[SourceVersion "1"]
[SourceVersionDate "2019.07.15"]
[SourceQuality "1"]

1. d4 Nf6 2. Bf4 c5 3. e3 cxd4 4. exd4 d5 5. c3 e6 6. Nf3 Bd6 7. Bg3 Bxg3 8. hxg3 Nc6 9. Bb5 Bd7 10. Nbd2 a6 11. Bd3 Qe7 12. 0-0 h6 13. Re1 0-0 14. Ne5 Nxe5 15. dxe5 Nh7 16. Nf3 Qc5 17. Qc2 f5 18. g4 Ng5 19. Nxg5 hxg5 20. gxf5 g4 21. Re3 Bb5 22. fxe6 d4 23. Re2 g3 24. Rf1 dxc3 25. bxc3 Bc6 26. Kh1 Qe7 27. Kg1 Qh4 28. fxg3 Rxf1+ 29. Kxf1 Qh1+ 30. Kf2 Rf8+ 31. Ke3 Qh6+ 32. Kd4 Rd8+ 33. Kc4 Qxe6+ 34. Kb4 Bd5 35. c4 a5+ 36. Kc3 Rc8 37. Kb3 Qb6+ 38. Kc3 Qb4+ 39. Kd4 Qc5+ 1/2-1/2

[Event "HUN-chT4 Chalupetzky 1819"]
[Site "Hunagry"]
[Date "2018.11.04"]
[Round "2.2"]
[White "Bindics, Krisztian"]
[Black "Bereczki, Erno"]
[Result "1-0"]
[WhiteElo "1230"]
[BlackElo "1559"]
[PlyCount "93"]
[EventDate "2018.10.14"]
[EventType "team-tourn"]
[EventRounds "10"]
[EventCountry "HUN"]
[SourceTitle "EXT 2020"]
[Source "ChessBase"]
[SourceDate "2019.10.17"]
[SourceVersion "1"]
[SourceVersionDate "2019.10.17"]
[SourceQuality "1"]
[WhiteTeam "Fertoszentmiklos"]
[BlackTeam "Lovo"]
[WhiteTeamCountry "HUN"]
[BlackTeamCountry "HUN"]

1. e4 c5 2. Nf3 Nc6 3. Bc4 e6 4. c3 Nf6 5. d3 d5 6. exd5 Nxd5 7. Bxd5 Qxd5 8. c4 Qh5 9. Nc3 a6 10. Be3 Be7 11. Ne4 b6 12. Ng3 Qg6 13. 0-0 0-0 14. Qb3 Rb8 15. Rad1 Bf6 16. Bxc5 Rd8 17. Bxb6 Nd4 18. Qb4 Nxf3+ 19. gxf3 Bd4 20. c5 Rd5 21. Qa4 f5 22. f4 h5 23. Kh1 Bb7 24. f3 e5 25. Ne2 Be3 26. Qc4 Rc8 27. c6 Qxc6 28. Qxc6 Rxc6 29. Bxe3 g6 30. Nc3 Rd7 31. fxe5 Re6 32. d4 Rf7 33. Bg5 f4 34. h4 Rb6 35. Rd2 Rd7 36. Kg1 Rb4 37. d5 Rc4 38. d6 Kf7 39. Kf2 Ke6 40. Re1 Bc6 41. Bf6 Rb4 42. Ne2 Rdb7 43. Nd4+ Kd7 44. Nxc6 Kxc6 45. b3 Kd7 46. e6+ Ke8 47. d7+ 1-0

[Event "Gyor Amateur op 11th"]
[Site "Gyor"]
[Date "2018.01.06"]
[Round "2"]
[White "Bindics, Krisztian"]
[Black "Skreko, Igor1111"]
[Result "1-0"]
[WhiteElo "1149"]
[BlackElo "1571"]
[PlyCount "119"]
[EventDate "2018.01.06"]
[EventType "swiss"]
[EventRounds "6"]
[EventCountry "HUN"]
[SourceTitle "EXT 2019"]
[Source "ChessBase"]
[SourceDate "2018.10.10"]
[SourceVersion "1"]
[SourceVersionDate "2018.10.10"]
[SourceQuality "1"]

1. e4 c5 2. f4 e6 3. Nf3 Nc6 4. g3 g6 5. Bg2 Bg7 6. 0-0 Nge7 7. c3 0-0 8. d3 d6 9. Be3 b6 10. Na3 Bb7 11. Nc2 f5 12. Nh4 Qd7 13. d4 cxd4 14. cxd4 Rac8 15. Rc1 Rc7 16. e5 dxe5 17. dxe5 Rd8 18. Qe2 Qd3 19. Qd1 Rcd7 20. Qxd3 Rxd3 21. Bf2 Na5 22. Be1 Bxg2 23. Nxg2 Nac6 24. Nb4 Nxb4 25. Bxb4 Bf8 26. Rc7 R8d7 27. Rfc1 Kf7 28. Rxd7 Rxd7 29. Bd6 Nd5 30. Bxf8 Kxf8 31. Rc8+ Kg7 32. Rc6 Kf7 33. a3 Rc7 34. Rxc7+ Nxc7 35. Kf2 Nd5 36. h4 h6 37. Kf3 a5 38. Ne1 b5 39. Nc2 b4 40. axb4 Nxb4 41. Nd4 a4 42. Ke3 Nd5+ 43. Kd3 Ke7 44. Kc4 Ne3+ 45. Kb4 Nf1 46. Ne2 Kd7 47. Kxa4 Kc6 48. b4 Kb6 49. b5 Ne3 50. Nd4 Nd5 51. Nxe6 Nc3+ 52. Kb4 Nxb5 53. Nf8 Nc7 54. Nxg6 Kc6 55. Ne7+ Kd7 56. Nxf5 h5 57. Ng7 Ne6 58. Nxh5 Ke7 59. Kc4 Kf7 60. f5 1-0